Normal view MARC view
  • Restrepo Gómez, Alonso,

Entry Nombre Personal

Number of records used in: 2

001 - NUMERO DE CONTROL

  • campo de control: 33649

003 - IDENTIFICADOR DE NUMERO DE CONTROL

  • campo de control: UPN

005 - FECHA Y HORA DE LA ÜLTIMA TRANSACCIÓN

  • campo de control: 20210219194445.0

008 - DATOS DE LONGITUD FIJA

  • campo de control de longitud fija: nabaccnnaabn|||||||||| b |nc|||||d

035 ## - NUMERO DE CONTROL

  • Número de control: UPN11000005756

040 ## - FUENTE DE CATALOGACIÓN

  • Lenguaje de catalogación: SPA
  • Agencia de transcripción: UPN

100 1# - ENCABEZAMIENTO - NOMBRE PERSONAL

  • Nombre personal: Restrepo Gómez, Alonso,
  • Fechas asociadas con el nombre: 1946-

670 ## - FUENTE EN LA QUE SE LOCALIZARON DATOS

  • Cita de la fuente: T
  • Información localizada: El reino del ave mágica

680 ## - NOTA PUBLICA DE ACCESO PÚBLICO

  • Frase explicativa de la referencia: Nació en Colombia, es ingeniero agrónomo. Actualmente vive en Nicaragua donde trabaja en proyectos de desarrollo y defensa de la naturaleza

902 ## - CATALOGADOR

  • Catalogador: MCM/030513